000 00319nam a2200109Ia 4500
008 200302s9999 xx 000 0 und d
100 _aMichel racine
245 _aModern landscape design new french landscape design expression paysagere 2
260 _bDesign Media Publishing (UK) Ltd.,
260 _c2013
300 _a471
999 _c6209
_d6209